000 00480nam a2200145Ia 4500
008 211109s9999||||xx |||||||||||||| ||und||
082 _a494.812
_bKRI-V
100 _aKrishnan Nampiyar, V D
245 0 _aVivarthanavum Prayogika Vaishamyangalum
260 _bNATIONAL BOOKSTALL
_aKottayam
_c1900
300 _a100p
630 _xGeneral Stack
650 _aAltaic, Uralic, Hyperborean & Dravidian
_vDravidian Languages
_xmalayalam languagemalayalam grammarGeneralia
942 _cBOOK
999 _c93499
_d93499